Представление документа в формате RUSMARC

ПолеНазваниеЗначение
  Тип записи a
  Библиографический уровень m
001 Контрольный номер 62b1114cf2d54a6089a48f6da1f1685d
005 Дата корректировки 20150707103534.8
010 Индекс ISBN __
a ISBN 978-5-392-08688-7
101 Язык документа 0_
a Язык текста rus
102 Страна публикации __
a Страна публикации RU
200 Заглавие и сведения об ответственности 1_
a Заглавие Информационные технологии в профессиональной деятельности
e Сведения, относящиеся к заглавию учеб. пособие [для СПО]
f Первые сведения об ответственности Е. В. Михеева
b Общее обозначение материала Текст
210 Выходные данные 1_
c Издательство Проспект
a Место издания Москва
d Дата издания 2013
215 Физическое описание __
a Объем 447, [1] с.
610 Ключевые слова 0_
a Ключевые слова информационные технологии
610 Ключевые слова 0_
a Ключевые слова информационные системы
610 Ключевые слова 0_
a Ключевые слова профессиональная деятельность
610 Ключевые слова 0_
a Ключевые слова компьютерная техника
610 Ключевые слова 0_
a Ключевые слова технические средства
610 Ключевые слова 0_
a Ключевые слова программное обеспечение
610 Ключевые слова 0_
a Ключевые слова операционные системы
610 Ключевые слова 0_
a Ключевые слова текстовые документы
610 Ключевые слова 0_
a Ключевые слова word
610 Ключевые слова 0_
a Ключевые слова графические редакторы
610 Ключевые слова 0_
a Ключевые слова CorelDraw
610 Ключевые слова 0_
a Ключевые слова OCR-cистемы
610 Ключевые слова 0_
a Ключевые слова FineReader
610 Ключевые слова 0_
a Ключевые слова автоматизация переводов
610 Ключевые слова 0_
a Ключевые слова Promt
610 Ключевые слова 0_
a Ключевые слова программы финансового менеджмента
610 Ключевые слова 0_
a Ключевые слова ИНЭК-Аналитик
610 Ключевые слова 0_
a Ключевые слова субд
610 Ключевые слова 0_
a Ключевые слова компьютерные презентации
610 Ключевые слова 0_
a Ключевые слова бухгалтерские автоматизированные системы
610 Ключевые слова 0_
a Ключевые слова 1с: предприятие
610 Ключевые слова 0_
a Ключевые слова справочно-правовые системы
610 Ключевые слова 0_
a Ключевые слова СПС
610 Ключевые слова 0_
a Ключевые слова консультант плюс
610 Ключевые слова 0_
a Ключевые слова компьютерные сети
610 Ключевые слова 0_
a Ключевые слова интернет
610 Ключевые слова 0_
a Ключевые слова компьютерная безопасность
686 Индексы других классификаций __
a Классификационный индекс 32.973.202я723
2 Код системы rubbk
686 Индексы других классификаций __
a Классификационный индекс 65.052.9(2)2я723
2 Код системы rubbk
686 Индексы других классификаций __
2 Код системы rubbk
700 Автор _1
a Фамилия Михеева
b Имя Е. В.
g Полное личное имя Елена Викторовна
801 Источник записи _0
a Страна RU
b Организация РУК
c Дата составления 20150706
g Правила каталогизации PSBO
801 Источник записи _1
a Страна RU
b Организация РУК
c Дата составления 20150706
g Правила каталогизации PSBO
852 Данные о местонахождении __
j Шифр хранения ББК 32
i Авторский знак М 69
901 Тип документа __
t Тип документа m
937 Технологическая информация __
a Создатель записи (имя) Золотухина
938 Служебная информация __
a Название организации Головной вуз
952 Тип литературы __
c Вид литературы учебное пособие